Countries of North America With the Letter L - Statistics

General Stats
  • This quiz has been taken 46 times
  • The average score is 4 of 5
Answer Stats
Countries % Correct
El Salvador
93%
Belize
91%
Guatemala
88%
Saint Lucia
86%
Dominican Republic
77%
No matching quizzes found
Score Distribution
Percent of People with Each Score
Percentile by Number Answered
Your Score History
You have not taken this quiz